| 000 | 005550000a22001810004500 | ||
|---|---|---|---|
| 003 | MACL | ||
| 005 | 20160315154527.0 | ||
| 008 | 160315b xxu||||| |||| 00| 0 eng d | ||
| 040 |
_aMACL _cMACL |
||
| 041 | _aHindi | ||
| 082 | _a891.433 | ||
| 100 |
_aगॉधी देवदास _946197 |
||
| 245 | _aबा बापू और भाई | ||
| 260 |
_bसस्ता साहित्य मंडल प्रकाशन _c1953 _aनई दिल्ली |
||
| 350 | _a0.50 | ||
| 650 |
_aBiography _946198 |
||
| 942 |
_cHIN _k920 _2ddc |
||
| 999 |
_c23199 _d23199 |
||